UBT Library

Leading and Managing in Nursing (Record no. 54947)

000 -LEADER
fixed length control field 00325nam a22001457a 4500
008 - FIXED-LENGTH DATA ELEMENTS--GENERAL INFORMATION
fixed length control field 190927b ||||| |||| 00| 0 eng d
020 ## - INTERNATIONAL STANDARD BOOK NUMBER
International Standard Book Number 9780323016322
041 ## - LANGUAGE CODE
Language code of text/sound track or separate title eng
080 ## - UNIVERSAL DECIMAL CLASSIFICATION NUMBER
Universal Decimal Classification number 618.2
082 ## - DEWEY DECIMAL CLASSIFICATION NUMBER
Classification number 618.2
100 ## - Rafti
Rafti 1
101 ## - Shkurtesa
Shkurtesa INF
245 ## - TITLE STATEMENT
Title Leading and Managing in Nursing
Statement of responsibility, etc Wise.P.S.Y
942 ## - ADDED ENTRY ELEMENTS (KOHA)
Source of classification or shelving scheme
Item type Books
Holdings
Withdrawn status Lost status Source of classification or shelving scheme Damaged status Not for loan Permanent location Current location Shelving location Date acquired Total Checkouts Full call number Barcode Date last seen Price effective from Koha item type
          UBT - Peja UBT - Peja Koleksioni i përgjithshem 09/27/2019   618.2 WIS 002-4000018 09/27/2019 09/27/2019 Books
          UBT - Peja UBT - Peja Koleksioni i përgjithshem 09/27/2019   618.2 WIS 0020013-400 09/27/2019 09/27/2019 Books
          UBT - Peja UBT - Peja Koleksioni i përgjithshem 09/27/2019   618.2 WIS 002-4000134 09/27/2019 09/27/2019 Books
UBT Library © 2015-2024. All rights reserved University Education for Business and Technology